00305pam a2200121 a 4500020000500000041000500005082001500010100001800025245007600043250001000119260003700129300001700166 c h a771.3bTAY aNigel Taylor. aThe Video Camera HandbookbThe Video Camera HandbookhTextual Documents a2005. a[s.l]:bSilverdale Books Wigston a256:bpaper.